[Event "Chesscup Blitz 2020"]
[Site "Katowice"]
[Date "2020.09.12"]
[Round "5.7"]
[White "Walter, Szymon"]
[Black "Klekowski, Maciej"]
[Result "1/2-1/2"]
[WhiteElo "2227"]
[BlackElo "2511"]
[Annotator "TA"]
[PlyCount "98"]
[EventDate "2020.09.12"]
[EventType "swiss"]
[EventCountry "POL"]
[SourceTitle "playchess.com"]
[Source "ChessBase"]
[SourceQuality "1"]

{[%evp 14,98,19,0,0,0,16,0,0,0,16,13,25,0,0,-28,-28,-24,17,-26,-1,-22,26,-33,-13,-66,-7,-228,-234,-223,-201,-207,-207,-200,-112,-197,-209,-180,0,0,0,0,366,343,844,818,918,903,745,585,617,614,933,906,4782,766,915,575,492,354,419,338,267,0,62,94,145,126,195,199,12838,352,12846,12847,29997,12846,29996,12840,12839,66,85,0,0,0,0,0,0]} 1. e4 c5 2. Nc3 Nc6 3. f4 g6 4. Nf3 Bg7 5. Bb5 Nd4 6. O-O Nxb5 7. Nxb5 Nf6 8. d3 O-O {B23: Closed Sicilian: Lines without g3.} 9. Qe1 d5 10. Nc3 Bg4 11. Ne5 dxe4 12. dxe4 {[#]} Be6 $146 ({Predecessor:} 12... Bd7 13. Qh4 Qc8 14. f5 c4 15. Kh1 Qc5 16. Nd5 Rfd8 17. Be3 Qd6 18. Nxc4 Qa6 19. Nxe7+ Kf8 20. e5 Kxe7 21. exf6+ Bxf6 22. Bc5+ Ke8 23. Rae1+ {1-0 (23) Hrabusa,M (2319)-Plasek,Z (2051) Prague 2014}) 13. Be3 Qc7 14. Qf2 Rac8 15. h3 Rfd8 16. Rad1 Rxd1 17. Rxd1 a6 18. g4 (18. Nf3 $11) 18... b5 (18... g5 $5) 19. f5 ({White should play} 19. Qf3 $11) 19... Qxe5 (19... Nxe4 $15 20. Nxe4 gxf5 21. gxf5 Qxe5 {[%mdl 64] Double Attack} 22. fxe6 Qxe4 23. exf7+ Kf8) 20. fxe6 $2 (20. Bf4 $1 $11 {and White stays safe.} Nxe4 21. Qh2 Qd4+ 22. Rxd4 Bxd4+ 23. Kh1 gxf5 24. gxf5 Nf2+ 25. Kg2 Bxf5 {[%mdl 64] Double Attack} 26. Qg3+ Kf8 27. Be3) 20... Qxe6 $19 21. Qf3 b4 22. Nd5 Nxe4 23. Nf4 Qc4 (23... Ng5 $1 $19 {[%cal Rg5f3]} 24. Nxe6 Nxf3+ 25. Kf2 fxe6 26. Kxf3 Bxb2) 24. b3 (24. Nd5 $17 {was worth a try.} Re8 25. c3) 24... Qxc2 {Hoping for ...Bd4.} 25. Rc1 Qxa2 $2 (25... Nd2 $19 26. Rxc2 Nxf3+ 27. Kf2 Nd4) 26. Qxe4 $11 Qxb3 27. Nd5 $1 $36 {[%cal Rd5e7][%mdl 2048] White has the initiative.} Re8 $2 {[%mdl 8192]} (27... Kh8 $11 {and Black is okay.}) 28. Nxe7+ $18 Kh8 $2 {[#]} (28... Kf8) 29. Nxg6+ $1 {[%mdl 576] Discovered Attack} hxg6 (29... fxg6 30. Qxe8+) 30. Qxe8+ Kh7 31. Qe4 Bc3 32. Bxc5 Qb2 33. Rf1 Qb3 34. Qf3 Kg8 35. Bf2 Qc4 36. Bg3 b3 37. Qa8+ Kg7 38. Qf3 $2 (38. Qb8 $18 Bd4+ 39. Bf2) 38... b2 (38... Kg8 $1 $11) 39. h4 {Strongly threatening h5.} a5 ({Black should try} 39... Bd4+ 40. Kh1 Kg8) 40. h5 {Black must now prevent hxg6.} gxh5 (40... Bd4+ $16 {was called for.} 41. Kh1 Qe6 42. hxg6 Qxg6) 41. gxh5 Qb3 $2 {[#]} (41... a4) 42. h6+ $2 (42. Be5+ $1 {[%mdl 512]} Kf8 (42... Bxe5 43. Qxb3) 43. Qa8+ Ke7 44. Qe4 Bxe5 45. Qxe5+ {[%mdl 64] Double Attack} Qe6 46. Qxe6+ fxe6 47. h6) 42... Kh8 $2 {[#]} (42... Kxh6 43. Bf4+ Kh7) 43. Be5+ $1 {[%mdl 576] Double Attack, Pin} Kg8 (43... Bxe5 44. Qxb3) 44. Bxc3 (44. Qg4+ $142 Kf8 45. Bd6+ Ke8 46. Qc8#) 44... b1=Q {[#]} 45. Rxb1 (45. h7+ $142 $1 {[%mdl 512]} Kf8 (45... Qxh7 46. Qa8+) 46. h8=Q+ Ke7 47. Qff6+ Kd7 48. Qhd8#) 45... Qxb1+ 46. Kg2 $2 ({White must play} 46. Kh2 $18 Qc2+ 47. Kh3) 46... Qg6+ $14 47. Qg3 (47. Kf2 $16 {Qa8+ would kill now.} Kh7 48. Bd2) 47... Kh7 {The position is equal.} 48. Qxg6+ Kxg6 49. Bxa5 {Threatens to win with Bd2.} Kxh6 {Accuracy: White = 40%, Black = 39%.} 1/2-1/2

[Event "Chesscup Blitz 2020"]
[Site "Katowice"]
[Date "2020.09.12"]
[Round "5.8"]
[White "Nasuta, Grzegorz"]
[Black "Tsatsalashvili, Keti"]
[Result "1-0"]
[WhiteElo "2553"]
[BlackElo "2246"]
[Annotator "TA"]
[PlyCount "67"]
[EventDate "2020.09.12"]
[EventType "swiss"]
[EventCountry "POL"]
[SourceTitle "playchess.com"]
[Source "ChessBase"]
[SourceQuality "1"]

{[%evp 15,67,0,0,10,2,0,16,14,172,163,137,97,155,144,465,472,450,401,419,401,425,389,422,388,646,631,619,628,809,840,800,762,870,850,868,854,1123,1086,29984,29985,29985,29986,29990,29987,29991,29992,29992,29990,29990,29991,29991,29992,29991,29985]} 1. e4 c6 2. d4 d5 3. e5 Bf5 4. Nc3 e6 5. g4 Bg6 6. Nge2 h6 7. h4 c5 8. h5 Bh7 $1 9. Be3 {B12: Caro-Kann: Advance Variation.} Nd7 10. f4 a6 {[#]} 11. f5 $146 {The position is equal.} ({Predecessor:} 11. Qd2 c4 12. Ng3 Be7 13. Bh3 Bh4 14. Kf2 Ne7 15. Kg2 Bxg3 16. Kxg3 Be4 17. Nxe4 dxe4 {½-½ (35) Iliev,D (2144)-Tsyntsarski,B (1737) Sofia 2012}) 11... c4 $2 (11... Be7 $11) 12. Nf4 $18 Qb6 13. Qd2 Be7 (13... Bb4 $142) 14. O-O-O Bg5 $2 {[%mdl 8192] [#]} (14... Bb4 $16) 15. Nfxd5 $1 {[%mdl 512]} exd5 16. Nxd5 Bxe3 17. Qxe3 Qa5 18. Bxc4 Nb6 19. Nc7+ Kd8 $2 (19... Kf8) 20. Nxa8 Nxc4 21. Qb3 $1 {[%csl LRb7,LRc4]} Qd5 22. Nb6 Nxb6 23. Qxb6+ Kc8 24. Rh3 Ne7 25. Rc3+ Nc6 26. Rc5 Qxa2 27. d5 {[%mdl 64] [#] Pin. White mates.} Rd8 28. Rd3 Qa1+ 29. Kd2 Qf1 30. Rxc6+ bxc6 31. Qxc6+ Kb8 32. Rb3+ Qb5 33. Rxb5+ axb5 34. d6 {Accuracy: White = 94%, Black = 34%.} 1-0

[Event "Chesscup Blitz 2020"]
[Site "Katowice"]
[Date "2020.09.12"]
[Round "5.9"]
[White "Socko, Bartosz"]
[Black "Wiecek, Pawel"]
[Result "1-0"]
[WhiteElo "2601"]
[BlackElo "1893"]
[Annotator "TA"]
[PlyCount "57"]
[EventDate "2020.09.12"]
[EventType "swiss"]
[EventCountry "POL"]
[SourceTitle "playchess.com"]
[Source "ChessBase"]
[SourceQuality "1"]

{[%evp 10,57,29,0,0,-3,17,3,17,12,6,10,50,40,45,1,48,48,145,136,140,144,157,150,146,61,72,59,100,92,102,100,89,109,99,93,253,167,150,166,378,330,331,329,325,325,315,308,692,646]} 1. g3 d5 2. Bg2 Nf6 3. Nf3 Nc6 4. d4 Bf5 5. O-O e6 6. a3 (6. c4 $5) 6... Be7 {D02: 1 d4 d5 2 Nf3 sidelines, including 2...Nf6 3 g3 and 2...Nf6 3 Bf4.} 7. Nbd2 O-O 8. c4 h6 {The position is equal.} 9. b4 Ne4 10. Bb2 {[#]} a6 $146 ({Predecessor:} 10... Nxd2 11. Nxd2 Bf6 12. e4 dxe4 13. Nxe4 Bxd4 14. Bxd4 Qxd4 15. Qxd4 Nxd4 16. Nc5 b6 17. Bxa8 bxc5 {1-0 (60) Kries,Y (1782)-Chalabi,M (1670) Luxembourg 2013}) 11. Rc1 Bh7 12. Qb3 Bf6 13. Rfd1 Qe7 ({Black should play} 13... Nxd2 $14 14. Rxd2 Be4) 14. cxd5 $16 exd5 15. Qxd5 Rfd8 16. Qc4 Nd6 {[#]} 17. Qc5 (17. Qa2 $1 $16) 17... Qxe2 $14 18. Re1 Qb5 19. Ne5 {[%cal Re5c6]} Bxe5 20. dxe5 Qxc5 21. Rxc5 Nb5 22. Bxc6 Rxd2 $2 {Loses the game.} (22... bxc6 $16 23. Nc4 Rd3) 23. Bc1 Ra2 24. Bxb7 Ra7 $2 (24... Rd8 {is a better defense.} 25. Kg2 (25. Bxa6 Nd4 $18) 25... Bf5) 25. Bd5 Ra1 26. e6 fxe6 27. Rxe6 {[%cal Re6e8] [#]} ({But not} 27. Bxe6+ Kf8 $18) 27... Kf8 {and the idea ...Nd4 leaves Black hopeful.} 28. Re3 Nxa3 $2 (28... Nd4 29. Kg2 c6) 29. Rxa3 {Accuracy: White = 71%, Black = 44%.} 1-0

[Event "Chesscup Blitz 2020"]
[Site "Katowice"]
[Date "2020.09.12"]
[Round "5.10"]
[White "Socko, Monika"]
[Black "Seemann, Jakub"]
[Result "1-0"]
[WhiteElo "2289"]
[BlackElo "2339"]
[Annotator "TA"]
[PlyCount "95"]
[EventDate "2020.09.12"]
[EventType "swiss"]
[EventCountry "POL"]
[SourceTitle "playchess.com"]
[Source "ChessBase"]
[SourceQuality "1"]

{[%evp 22,94,37,33,39,40,40,19,36,38,46,44,46,0,0,-30,-29,-49,88,93,90,-101,39,-7,84,-50,104,-60,-51,-61,0,0,24,11,25,0,0,0,26,23,76,55,32,34,22,10,205,0,11,0,0,0,0,-47,0,0,0,0,0,-33,0,0,0,0,0,0,0,0,0,0,29997,29998,29998,29999,29999]} 1. d4 Nf6 2. c4 c6 3. Nc3 d5 4. cxd5 cxd5 5. Bf4 Nc6 6. e3 a6 7. Bd3 e6 8. Rc1 Bd6 9. Bxd6 Qxd6 10. f4 O-O 11. Nf3 b5 12. O-O Bb7 {D10: Slav Defence: 3 cxd5 (without early Nf3) and 3 Nc3.} 13. Ne5 Rac8 14. Bb1 Nd7 {[#] The position is equal.} 15. Nxd7 $146 ({Predecessor:} 15. Qh5 f5 16. g4 Nf6 17. Qh4 Ne4 18. gxf5 exf5 19. Kh1 Rf6 20. Qe1 Ne7 21. Rg1 {1-0 (44) Krutti,V (2415)-Saller,I Hajduszoboszlo 1995}) 15... Qxd7 16. f5 e5 17. dxe5 Nxe5 18. f6 g6 19. Qd4 Ng4 (19... Qe6 $15 {keeps the upper hand.}) 20. h3 $16 Rc4 21. Qb6 $2 {[#]} (21. Qd2 $1 $16 {is necessary to keep the advantage.} b4 22. Ne2 Rxc1 23. Nxc1) 21... Ne5 (21... d4 $1 $17 22. hxg4 dxc3) 22. Rcd1 (22. b3 $5 {[%cal Rb3c4]} Rc6 23. Qd4 $14) 22... Rd8 {[#]} (22... Re8 $11 {remains equal.}) 23. Ne2 (23. Be4 $1 $16 {[%mdl 512]} Rc6 (23... Rxe4 24. Nxe4) 24. Qd4 dxe4 25. Qxe5) 23... d4 $2 (23... Qd6 $15 {stays ahead.} 24. Qxd6 (24. Qxb7 $2 Rc7 $19) 24... Rxd6) 24. Rxd4 $2 ({Of course not} 24. exd4 $6 Rc6 $11) (24. Nxd4 $16 Rf8 25. Nf5) 24... Rxd4 $15 25. Qxd4 Qxd4 (25... Qe8 $15 26. Qc5 Nc4) 26. exd4 $11 Nc6 27. Rd1 $36 {[%mdl 2048] Black is under pressure.} Nb4 28. Kf2 Nd5 29. Be4 Rd7 30. Bxd5 Bxd5 {[%mdl 4096] Endgame KRB-KRN} (30... Rxd5 $11 {keeps the balance.} 31. g4 g5) 31. g4 Bxa2 32. Ra1 Bc4 $1 33. Rxa6 {White threatens Ra8+ and mate.} h5 $2 (33... h6 $1 $11) 34. gxh5 $2 (34. Ra8+ $18 Kh7 35. g5) 34... gxh5 35. Ra8+ Kh7 36. Nf4 {Threatens to win with Ke3.} Rxd4 37. Nxh5 Rd2+ 38. Ke3 Rxb2 39. Nf4 b4 40. Rc8 Ba2 (40... Rc2 $5 {[%cal Rb4b3]} 41. Rb8 b3 $11) 41. Rb8 b3 42. Rb7 Kg8 43. Rb8+ Kh7 44. Rf8 Rh2 {White must now prevent ...b2.} 45. Rxf7+ Kg8 $2 {[%mdl 8192]} (45... Kh6 $11 46. Rg7 b2 47. Rg6+ Kh7 48. Rg7+ Kh6 49. Rg6+ Kh7 50. Rg7+ Kh6) 46. Rg7+ {White mates.} Kf8 47. Ne6+ Ke8 48. Re7# {Accuracy: White = 56%, Black = 48%.} 1-0

[Event "Chesscup Blitz 2020"]
[Site "Katowice"]
[Date "2020.09.12"]
[Round "6.1"]
[White "Piorun, Kacper"]
[Black "Janik, Igor"]
[Result "0-1"]
[WhiteElo "2596"]
[BlackElo "2470"]
[Annotator "TA"]
[PlyCount "70"]
[EventDate "2020.09.12"]
[EventType "swiss"]
[EventCountry "POL"]
[SourceTitle "playchess.com"]
[Source "ChessBase"]
[SourceQuality "1"]

{[%evp 18,70,14,2,8,7,8,7,15,17,13,-15,-12,-24,-21,-189,-127,-132,-124,-120,-105,-108,-113,-241,-177,-233,-174,-216,-220,-207,-204,-191,-123,-220,-136,-136,-136,-157,-136,-136,-142,-222,-198,-180,-165,-165,-107,-254,-251,-1410,-1411,-1356,-1352,-1308,-1305]} 1. d4 Nf6 2. Nf3 e6 3. e3 c5 4. b3 b6 5. Bb2 Bb7 6. Nbd2 Be7 7. Bd3 O-O 8. O-O d6 9. c4 cxd4 10. Nxd4 Nbd7 {[%cal Bb8d7,Bd7c5,Bc5d3][%mdl 32] A47: 1 d4 Nf6 2 Nf3 b6: Torre, London and Colle Systems.} 11. Qe2 Rc8 12. Rac1 {[#]} a6 $146 {The position is equal.} ({Predecessor:} 12... Re8 13. Rfd1 Qc7 14. N2f3 Qb8 15. Bb1 Bf8 16. Nb5 a6 17. Nc3 Qa8 18. Na4 Ne4 {0-1 (88) Misic,D (2294)-Djokic,N (2401) Vrnjacka Banja 2012}) 13. Rfd1 Rc7 14. f4 Qa8 15. e4 Nc5 16. e5 $2 (16. Re1 $1 $11 {and White stays safe.}) 16... dxe5 (16... Nxd3 $19 17. Qxd3 dxe5 18. fxe5 Ne4 19. Nxe4 Bxe4) 17. fxe5 $17 Nxd3 18. Qxd3 Ne4 19. Nxe4 Bxe4 20. Qe3 (20. Qe2 $17) 20... Rd8 21. Nf3 (21. Rd2 $142) 21... Rcd7 22. Rxd7 Rxd7 23. Qe2 Bc5+ 24. Kh1 Rd3 (24... Bxf3 $1 $19 25. Qxf3 Qxf3 26. gxf3 Rd2) 25. Ng5 (25. Rc3 $17 Rd7 26. h3) 25... Bg6 {...Qd8 is the strong threat.} 26. Rd1 Rxd1+ $1 27. Qxd1 h6 28. Nf3 Qe4 $40 {[%mdl 128] Black attacks with force.} 29. h3 {[#]} (29. Bd4 $17 {was worth a try.}) 29... Bh5 $1 $19 30. g4 Bg6 31. Kg2 a5 (31... h5 $19 32. Kg3 Be3) 32. Kg3 {[#]} (32. Bd4 $17) 32... Be3 $1 {Strongly threatening ...Qf4+.} 33. Bc1 $2 (33. Bd4 Qf4+ 34. Kg2) 33... Qf4+ $1 {Black is clearly winning.} 34. Kg2 Bxc1 35. Qd8+ Kh7 {Accuracy: White = 42%, Black = 65%.} 0-1

[Event "Chesscup Blitz 2020"]
[Site "Katowice"]
[Date "2020.09.12"]
[Round "6.2"]
[White "Miton, Kamil"]
[Black "Nasuta, Grzegorz"]
[Result "1-0"]
[WhiteElo "2590"]
[BlackElo "2553"]
[Annotator "TA"]
[PlyCount "43"]
[EventDate "2020.09.12"]
[EventType "swiss"]
[EventCountry "POL"]
[SourceTitle "playchess.com"]
[Source "ChessBase"]
[SourceQuality "1"]

{[%evp 21,43,2,20,18,16,0,0,0,0,0,0,-14,0,0,163,160,164,158,154,159,156,161,1095,1074]} 1. d4 d5 2. c4 c6 3. Nc3 Nf6 4. e3 e6 5. Nf3 Nbd7 6. Qc2 Bd6 7. Bd3 O-O 8. O-O dxc4 9. Bxc4 b5 10. Be2 Bb7 11. e4 e5 12. dxe5 {D46: Semi-Slav: 5 e3 Nbd7 6 Bd3, Black avoids the Meran.} Nxe5 {[%cal Bd7e5,Be5g4,Bg4f2][%mdl 32]} 13. Nd4 {13.Nh4 is the hot move.} Neg4 $1 14. g3 {The position is equal.} Bc5 15. Nf5 Re8 16. Kg2 $5 {[%mdl 4] [#] An interesting side line.} Nxf2 $146 ({Predecessor:} 16... g6 17. f3 Ne5 18. Nh6+ Kg7 19. Bg5 Be7 20. Rad1 Qb6 21. h4 Nc4 22. Bxc4 bxc4 23. Qe2 Nd5 24. Ng4 h5 25. exd5 Bxg5 26. Ne5 cxd5 27. Nxd5 Qe6 28. Qxc4 {0-1 (28) Nezad,H (2422)-Harika,D (2511) Caleta 2016}) 17. Bg5 b4 $2 ({Reject} 17... N2xe4 $6 18. Nxe4 Rxe4 19. Bxf6 $16) (17... Bc8 $11) 18. Na4 $18 N2xe4 {[#]} 19. Bxf6 $1 {[%mdl 64] Overworked Piece} Qxf6 {[#]} 20. Bd3 $1 Bf8 ({Wrong is} 20... b3 $2 21. axb3 Rad8 22. Bxe4) 21. Bxe4 g6 $2 {[#]} (21... Rad8) 22. Nh6+ $1 {[%mdl 576] Discovered Attack. White took control after the opening. Accuracy: White = 100%, Black = 66%.} 1-0

[Event "Chesscup Blitz 2020"]
[Site "Katowice"]
[Date "2020.09.12"]
[Round "6.3"]
[White "Jakubowski, Krzysztof"]
[Black "Krasenkow, Michal"]
[Result "1-0"]
[WhiteElo "2481"]
[BlackElo "2605"]
[Annotator "TA"]
[PlyCount "65"]
[EventDate "2020.09.12"]
[EventType "swiss"]
[EventCountry "POL"]
[SourceTitle "playchess.com"]
[Source "ChessBase"]
[SourceQuality "1"]

{[%evp 9,65,20,29,12,11,12,10,9,10,13,31,0,43,18,58,56,55,53,70,65,71,78,109,106,123,110,158,120,172,131,131,102,121,75,74,51,112,105,130,118,351,340,933,906,994,995,991,987,968,941,1133,1070,1054,928,29989,938,797,559]} 1. d4 d6 2. e4 Nf6 3. f3 d5 4. e5 Nfd7 5. c3 c5 6. Be3 {B07: Pirc Defence: Miscellaneous Systems.} Nc6 7. f4 cxd4 8. cxd4 {The position is equal.} Nb6 9. Nc3 g6 {[#]} 10. Rc1 $146 ({Predecessor:} 10. Be2 h5 11. Nf3 Bg4 12. Nd2 Bxe2 13. Qxe2 e6 14. O-O a6 15. Rac1 Rc8 16. Kh1 {1-0 (65) Jordanova,S (2137)-Voicu Jagodzinsky,C (2303) Albena 2011}) 10... Bg7 11. b3 O-O 12. h3 f6 13. Nf3 Be6 14. Be2 Qd7 15. O-O Rf7 16. Qd2 Bh6 17. Bb5 Raf8 18. Ne2 Bf5 (18... Rc8 $16 {was necessary.}) 19. Bxc6 bxc6 20. Qc3 Rc8 21. Qa5 Be4 22. Rc3 Bxf3 ({Black should try} 22... Qb7 $14) 23. Rxf3 $16 fxe5 24. dxe5 g5 $2 {This move loses the game for Black.} (24... d4 $16 25. Nxd4 e6) 25. f5 $18 {e6 is the strong threat.} ({Less strong is} 25. fxg5 Bg7 $16) 25... Rxf5 $2 (25... Rff8 26. Qc5 Qd8) 26. e6 Qxe6 27. Nd4 {[%mdl 64] Double Attack} Rxf3 28. Nxe6 Rf6 29. Nxg5 d4 30. Bxd4 {[%mdl 64] Double Attack} Rg6 31. h4 Nd5 {[#]} 32. Qxd5+ (32. Rxc6 $142 $3 {[%mdl 512]} Rgxc6 (32... Rcxc6 33. Qd8+) 33. Qxd5+ e6 34. Qe5 Rc1+ {[#]} 35. Kh2 $1 {[%mdl 512]} Rh1+ 36. Kg3 $1 {[%mdl 512]} Rc3+ 37. Bxc3) 32... cxd5 33. Rxc8+ {Accuracy: White = 80%, Black = 47%.} 1-0

[Event "Chesscup Blitz 2020"]
[Site "Katowice"]
[Date "2020.09.12"]
[Round "6.4"]
[White "Socko, Bartosz"]
[Black "Teclaf, Pawel"]
[Result "0-1"]
[WhiteElo "2601"]
[BlackElo "2464"]
[Annotator "TA"]
[PlyCount "84"]
[EventDate "2020.09.12"]
[EventType "swiss"]
[EventCountry "POL"]
[SourceTitle "playchess.com"]
[Source "ChessBase"]
[SourceQuality "1"]

{[%evp 9,84,26,39,33,50,30,43,38,45,23,20,44,35,36,41,24,69,63,62,36,48,33,45,0,0,0,16,6,5,0,0,-10,-18,-26,-22,-29,-18,-18,-18,-18,-18,-18,-18,-19,-18,-18,-18,-18,-18,-18,-18,-18,-18,-18,-18,-18,-18,-18,-17,-17,0,0,0,0,0,0,0,-12843,-12843,-12843,-12844,-12844,-12845,-12845,-12846,-12846,-12847]} 1. g3 h5 2. Nf3 e6 3. Bg2 Be7 4. d4 h4 5. O-O d5 {[#]} 6. c4 $146 {A00: Irregular Openings.} ({Predecessor:} 6. Ne5 Nc6 7. e4 hxg3 8. hxg3 Nxe5 9. dxe5 c6 10. Be3 Qc7 11. Re1 Qxe5 12. exd5 exd5 13. Bxa7 {0-1 (21) Gislason,G (2322)-Thorfinnsson,B (2385) Reykjavik 2014}) 6... hxg3 7. hxg3 Nd7 8. Nc3 {White is slightly better.} c6 9. cxd5 exd5 10. e4 dxe4 11. Nxe4 Ngf6 12. Neg5 Ng4 13. Re1 Ndf6 14. Ne5 Nxe5 15. Rxe5 O-O 16. Qd3 Bd6 17. Re1 g6 18. Bd2 Bf5 $132 {[%mdl 2048] Black puts up resistance} 19. Qb3 Qb6 20. Qxb6 axb6 21. a3 Rfe8 22. Bf3 b5 23. Rxe8+ Rxe8 24. Re1 Rxe1+ 25. Bxe1 Bc2 26. Bc3 Bb3 27. Ne4 Nxe4 28. Bxe4 $11 {[%mdl 4096] Endgame KBB-KBB} Kf8 29. Kg2 Ke7 30. Kf3 f5 31. Bd3 Bd5+ 32. Ke2 Kf6 33. f4 $1 g5 34. Bd2 gxf4 35. Bxf4 Bxf4 36. gxf4 Be4 37. Bxe4 fxe4 {KP-KP} 38. Ke3 $2 {[%mdl 8192]} (38. Kd2 $11) 38... Kf5 $19 {Black is clearly winning.} 39. b3 {[#]} b4 $1 {[%cal Rb4a3][%mdl 512]} 40. a4 (40. axb4 b5) 40... b6 41. d5 cxd5 {( -> ...Kg4)} 42. Kd4 Kxf4 {Accuracy: White = 93%, Black = 96%.} 0-1

[Event "Chesscup Blitz 2020"]
[Site "Katowice"]
[Date "2020.09.12"]
[Round "6.5"]
[White "Krasenkova, Ilena"]
[Black "Golubka, Petro"]
[Result "0-1"]
[WhiteElo "2178"]
[BlackElo "2488"]
[Annotator "TA"]
[PlyCount "36"]
[EventDate "2020.09.12"]
[EventType "swiss"]
[EventCountry "POL"]
[SourceTitle "playchess.com"]
[Source "ChessBase"]
[SourceQuality "1"]

{[%evp 9,36,40,62,52,66,59,61,56,56,69,54,60,56,0,95,0,32,0,40,40,40,0,0,-85,0,-80,8,-24,58]} 1. d4 b6 2. c4 Bb7 3. Nc3 e6 4. e4 Bb4 5. Bd3 Nc6 6. Nge2 {A40: Unusual replies to 1 d4.} Nge7 7. O-O Bxc3 8. bxc3 {White is slightly better.} Na5 {[#]} 9. f4 $146 ({Predecessor:} 9. Ng3 O-O 10. e5 d5 11. c5 Nc4 12. Nh5 Ng6 13. cxb6 axb6 14. g3 Ba6 15. Re1 {1-0 (39) Tishin,D (2316)-Belikov,V (2552) Alushta 2006}) 9... f5 10. Ng3 {[%cal Re4f5]} O-O 11. d5 ({Better is} 11. Qc2 $14) 11... c5 {[#]} (11... fxe4 $11 12. Nxe4 exd5 13. cxd5 Nxd5) 12. Qh5 (12. d6 $1 $16 {[%cal Rd6e7]} Nec6 13. exf5 exf5 14. Bxf5 (14. Nxf5 Qf6 $14)) 12... Qe8 13. Qe2 (13. Qd1 {keeps more tension.} Ba6 14. d6 Nc8 15. e5 Bxc4 16. Bxc4 Nxc4 17. Qe2) 13... Rd8 {[%cal Re6d5]} 14. d6 Ng6 15. exf5 exf5 {aiming for ...Qxe2.} 16. Qxe8 (16. Qc2 $11) 16... Rfxe8 (16... Rdxe8 $17 17. Bxf5 Bc6) 17. Bxf5 (17. Nxf5 $11 {keeps the balance.} Ba6 18. Ne3) 17... Ba6 (17... Nxc4 $17 18. Bc2 Nxd6) 18. Bd3 Re6 {[%mdl 32768] Accuracy: White = 35%, Black = 55%. . Loss on time!?} (18... Bxc4 $11 19. Bxc4+ Nxc4) 0-1

[Event "Chesscup Blitz 2020"]
[Site "Katowice"]
[Date "2020.09.12"]
[Round "6.6"]
[White "Klekowski, Maciej"]
[Black "Krol, Rafal"]
[Result "1-0"]
[WhiteElo "2511"]
[BlackElo "1987"]
[Annotator "TA"]
[PlyCount "35"]
[EventDate "2020.09.12"]
[EventType "swiss"]
[EventCountry "POL"]
[SourceTitle "playchess.com"]
[Source "ChessBase"]
[SourceQuality "1"]

{[%evp 14,35,13,16,18,8,43,43,39,27,70,72,75,53,47,41,41,25,31,12,33,-27,-27,-31]} 1. c4 Nf6 2. Nc3 e6 3. Nf3 d5 4. d4 Bb4 5. e3 O-O 6. Bd2 c5 7. a3 Bxc3 8. Bxc3 cxd4 {E51: Nimzo-Indian: Rubinstein: 4...0-0 5 Nf3 d5.} 9. Nxd4 {[#] 9.Bxd4 is not played anymore.} e5 $146 ({Predecessor:} 9... Ne4 10. Rc1 Nxc3 11. Rxc3 dxc4 12. Bxc4 Bd7 13. O-O Nc6 14. Nf3 Qe7 15. Qc2 Rfd8 16. Bd3 h6 17. Rc1 Qf6 18. Bh7+ Kh8 19. Be4 {1-0 (47) Rakhmanov,A (2627)-Goganov,A (2576) Ankara 2018}) 10. Nf3 e4 {White is slightly better.} 11. Nd4 Nc6 12. Nxc6 bxc6 13. Be2 Be6 14. cxd5 Nxd5 15. Bd4 Rc8 16. b4 a5 17. Qd2 (17. O-O $14) 17... axb4 $11 18. axb4 {[%mdl 32768] Accuracy: White = 86%, Black = 73%. . Loss on time!?} 1-0

[Event "Chesscup Blitz 2020"]
[Site "Katowice"]
[Date "2020.09.12"]
[Round "6.7"]
[White "Redzisz, Michal"]
[Black "Sadzikowski, Daniel"]
[Result "0-1"]
[WhiteElo "2164"]
[BlackElo "2413"]
[Annotator "TA"]
[PlyCount "86"]
[EventDate "2020.09.12"]
[EventType "swiss"]
[EventCountry "POL"]
[SourceTitle "playchess.com"]
[Source "ChessBase"]
[SourceQuality "1"]

{[%evp 18,86,22,-6,-6,-5,7,8,0,6,7,12,56,0,17,7,9,0,0,0,0,2,33,0,0,0,0,-14,0,-54,-64,-169,-166,-175,-143,-178,-25,-26,-20,-94,-70,-69,-29,-91,-95,-133,-114,-175,-164,-240,-220,-271,-271,-295,-269,-307,-317,-307,-298,-395,-366,-354,-353,-381,-383,-451,-437,-402,-397,-683,-672]} 1. d4 Nf6 2. c4 e6 3. g3 Bb4+ 4. Bd2 Be7 5. Nf3 d5 6. Bg2 O-O 7. O-O Nbd7 8. Qc2 Ne4 9. Bf4 {The main line 9.Bf4 scores better than 9.Nc3.} c6 10. Nbd2 g5 {E08: Closed Catalan: Main Line: 7 Qc2.} 11. Be3 f5 12. Nxe4 dxe4 {The position is equal.} 13. Ne5 Nxe5 14. dxe5 {[#]} c5 $146 ({Predecessor:} 14... Qc7 15. Qc3 c5 16. Rad1 Bd7 17. Qc1 h6 18. h4 Bc6 19. hxg5 Qxe5 20. gxh6 Kh7 {0-1 (67) Kucuksari,K (2286)-Jacobsen,M (2269) Gothenburg 2019}) 15. f4 (15. Qc1 $14) 15... exf3 16. exf3 f4 17. Bf2 Bd7 18. Rad1 Qe8 19. Bh3 Kh8 20. Rd2 (20. Qd3 $5 {[%cal Rd3d7]} Ba4 21. Bxe6 $14) 20... Rd8 21. Rfd1 fxg3 22. Bxg3 Rxf3 23. Qe4 (23. Bg2 $1 $11 Rf7 24. Bf2 (24. Bxb7 Ba4 $14)) 23... Bc6 $15 24. Qg4 (24. Rxd8 $15 Bxd8 25. Qg4) 24... Rxd2 $19 25. Rxd2 Rf5 {[#] Hoping for ...Bf3.} 26. Rf2 Rxf2 $2 ({Black should try} 26... h5 $19 27. Qd1 Rxf2 28. Bxf2 g4) 27. Bxf2 $11 Bd7 28. Qe4 (28. Qf3 $1 $11) 28... Qc8 29. Be3 Kg7 30. Qg2 {[#]} (30. Bf1 $11 {keeps the balance.}) 30... h6 $1 $17 31. Qf2 b6 32. Bf1 (32. Qe2 $17 {is a better defense.}) 32... Be8 33. Bg2 (33. h4 {was necessary.}) 33... Bg6 34. Qd2 Qd8 35. Qc1 Qd3 36. h4 Qf5 ({Much less strong is} 36... gxh4 37. Bxh6+ Kf7 38. Be3 $19) 37. hxg5 Bxg5 ({Don't take} 37... hxg5 38. Qc3 $19) 38. Qd2 Qxe5 39. Qd7+ Bf7 40. Bf2 Be3 41. Bxe3 Qxe3+ 42. Kh2 Qe5+ 43. Kg1 $2 (43. Kh3) 43... Qd4+ {Accuracy: White = 34%, Black = 82%.} 0-1